| 000 | 00772nam a2200229 a 4500 | ||
|---|---|---|---|
| 001 | 000014709 | ||
| 005 | 20200929163905.0 | ||
| 008 | 100119s2007 dr 001 0 spa d | ||
| 020 | _a9789945442175 | ||
| 040 |
_aDO-SdBNP _bspa _cBNPHU |
||
| 082 |
_axxx _bM844b |
||
| 100 | 1 |
_aMoreta Arias, Manuel _933360 |
|
| 245 | 1 | 0 |
_aBibliografía aduanera dominicana / : _bcompilador Manuel Moreta Arias; editor Gregorio Lora Arias. |
| 260 |
_aSanto Domingo : _bDirección General de Aduanas, _c2007. |
||
| 300 |
_a62 p. ; _c22 cm. |
||
| 490 | 1 |
_aAduanas _v12 |
|
| 500 | _aIncluye índice de autores | ||
| 500 | _aIncluye datos biográficos del autor en la solapa de la cubierta | ||
| 700 | 1 |
_aLora Arias, Gregorio _eed. _933361 |
|
| 830 | 0 |
_aAduanas _n12 _933362 |
|
| 049 | _aBNPD | ||
| 999 |
_c14292 _d14292 |
||